000 00737cam a2200241 a 4500
003 CO-ViMGA
005 20230915233127.0
008 000913s2000 ck r 00011 spa d
020 _a9789583000898
040 _aCO-ViMGA
_bspa
_cCO-ViMGA
043 _as-ck---
082 0 4 _aCo863.2
_bI81m
_219 ed.
100 1 _aIsaacs, Jorge,
_d1837-1895.
_93062
245 1 0 _aMaría /
_cJorge Isaacs.
250 _a5a. ed. /
_bGabriel Silva Rincón.
260 _aSantafé de Bogotá :
_bPanamericana,
_c1997.
300 _a260 p. ;
_c20 cm.
490 _aLetras latinoamericanas
650 1 4 _aNovela colombiana.
_9588
650 6 _aLiteratura colombiana.
_9589
700 1 _aSilva Rincón, Gabriel,
_d1955-,
_eed.
_93063
942 _2ddc
_cBK
999 _c11708
_d11708